000 00320nam a22001457a 4500
008 230517b ||||| |||| 00| 0 eng d
020 _a9780131583078
041 _aeng
080 _a621
082 _a621REH
100 _a19
101 _aMEK
245 _aMANUAL DRIVETRAINS AND AXLES
_cREHKOPF.J
942 _2udc
_cBK
999 _c59755
_d59755